<?xml version="1.0" encoding="UTF-8"?>
<record
    xmlns:xsi="http://www.w3.org/2001/XMLSchema-instance"
    xsi:schemaLocation="http://www.loc.gov/MARC21/slim http://www.loc.gov/standards/marcxml/schema/MARC21slim.xsd"
    xmlns="http://www.loc.gov/MARC21/slim">

  <leader>01163cam a22002651  4500</leader>
  <controlfield tag="001">he 68002933 </controlfield>
  <controlfield tag="003">DLC</controlfield>
  <controlfield tag="005">20260227111503.0</controlfield>
  <controlfield tag="008">880816s1967    is            000 0 heb  </controlfield>
  <datafield tag="010" ind1=" " ind2=" ">
    <subfield code="a">he 68002933 </subfield>
  </datafield>
  <datafield tag="035" ind1=" " ind2=" ">
    <subfield code="a">(OCoLC)18362353</subfield>
  </datafield>
  <datafield tag="040" ind1=" " ind2=" ">
    <subfield code="a">DLC</subfield>
    <subfield code="c">CU</subfield>
    <subfield code="d">CU</subfield>
    <subfield code="d">DLC</subfield>
  </datafield>
  <datafield tag="050" ind1="0" ind2="0">
    <subfield code="a">BM520.3</subfield>
    <subfield code="b">.N3 1967</subfield>
  </datafield>
  <datafield tag="100" ind1="0" ind2=" ">
    <subfield code="a">Na&#x1E25;man,</subfield>
    <subfield code="c">di-&#x1E33;.&#x1E33;. &#x1E6C;shehrin.</subfield>
  </datafield>
  <datafield tag="245" ind1="1" ind2="0">
    <subfield code="a">Na&#x1E25;at ha-shul&#x1E25;an</subfield>
    <subfield code="b">[&#x2BB;al yesod sifre Li&#x1E33;u&#x1E6D;e Maharan ...</subfield>
    <subfield code="c">&#x1E25;ibero Na&#x1E25;man mi-&#x1E33;.&#x1E33;. &#x1E6C;shehrin] Shir yedidut [li-khevod Admor Na&#x1E25;man &#x1E7F;e-talmido Natan ... nimtsa be-tokh ha-ketavim she-henia&#x1E25; a&#x1E25;ara&#x1E7F; Ye&#x1E25;i&#x2BC;el Me&#x2BC;ndil me-Med&#x1E7F;edi&#x1E7F;&#x1E33;e.</subfield>
  </datafield>
  <datafield tag="260" ind1=" " ind2=" ">
    <subfield code="a">Yerushalayim,</subfield>
    <subfield code="b">&#x1E24;aside Braslav,</subfield>
    <subfield code="c">1967 or 8]</subfield>
  </datafield>
  <datafield tag="300" ind1=" " ind2=" ">
    <subfield code="a">67, 9 l.</subfield>
    <subfield code="c">34 cm.</subfield>
  </datafield>
  <datafield tag="500" ind1=" " ind2=" ">
    <subfield code="a">Cover title.</subfield>
  </datafield>
  <datafield tag="500" ind1=" " ind2=" ">
    <subfield code="a">Each part has special t. p.; special t. p. of "Shir yedidut" has original imprint: Yerushalayim, Nidpas &#x2BB;a.y. Yi&#x15B;ra&#x2BC;el bar. Yehuda ha-Le&#x1E7F;i, 667 [1966 or 7]</subfield>
  </datafield>
  <datafield tag="650" ind1=" " ind2="0">
    <subfield code="a">Jewish law.</subfield>
  </datafield>
  <datafield tag="600" ind1="0" ind2="0">
    <subfield code="a">Na&#x1E25;man,</subfield>
    <subfield code="c">of Bratslav,</subfield>
    <subfield code="d">1772-1811.</subfield>
    <subfield code="t">Li&#x1E33;u&#x1E6D;e Moharan.</subfield>
  </datafield>
  <datafield tag="700" ind1="0" ind2=" ">
    <subfield code="a">Jehiel Mendel,</subfield>
    <subfield code="c">of Medvedevka.</subfield>
    <subfield code="t">Shir yedidut.</subfield>
  </datafield>
  <datafield tag="740" ind1="0" ind2=" ">
    <subfield code="a">Na&#x1E25;at ha-shul&#x1E25;an.</subfield>
  </datafield>
  <datafield tag="740" ind1="0" ind2=" ">
    <subfield code="a">Shir yedidut.</subfield>
  </datafield>
  <datafield tag="999" ind1=" " ind2=" ">
    <subfield code="c">33738</subfield>
    <subfield code="d">33738</subfield>
  </datafield>
</record>
